000 00452nam a2200181Ia 4500
001 18092
005 20260306171605.0
008 260306s9999||||xx |||||||||||||| ||und||
041 _aESP
082 _a658.4012
_bA64
100 _aApaza Meza, Mario
_eAUT
245 0 _aBalanced Scorecard:
_bgerencia estratégica y del valor
260 _c2003
300 _a703 páginas :
_c20 cm.
650 _aGEN
654 _aCAN
942 _cLIB
_dJUS
_fJUS
_2ddc
_n
999 _c18092
_d18092